MKT 300 (Record no. 37479)
[ view plain ]
| 000 -LEADER | |
|---|---|
| fixed length control field | 00249nam a22001217a 4500 |
| 008 - FIXED-LENGTH DATA ELEMENTS--GENERAL INFORMATION | |
| fixed length control field | 171103b xxu||||| |||| 00| 0 eng d |
| 041 ## - LANGUAGE CODE | |
| Language code of text/sound track or separate title | eng |
| 080 ## - UNIVERSAL DECIMAL CLASSIFICATION NUMBER | |
| Universal Decimal Classification number | 339.138 |
| 100 ## - Rafti | |
| Rafti | 60 |
| 101 ## - Shkurtesa | |
| Shkurtesa | MAR |
| 245 ## - TITLE STATEMENT | |
| Title | MKT 300 |
| Statement of responsibility, etc | LAMB.H.M |
| 942 ## - ADDED ENTRY ELEMENTS (KOHA) | |
| Source of classification or shelving scheme | |
| Item type | Books |
| Withdrawn status | Lost status | Source of classification or shelving scheme | Damaged status | Not for loan | Collection code | Permanent location | Current location | Shelving location | Date acquired | Total Checkouts | Full call number | Barcode | Date last seen | Price effective from | Koha item type |
|---|---|---|---|---|---|---|---|---|---|---|---|---|---|---|---|
| Koleksioni i përgjithshem | UBT - Lipjan | UBT - Lipjan | Koleksioni i përgjithshem | 11/03/2017 | 339.138 LAM | 002-2936769 | 11/03/2017 | 11/03/2017 | Books | ||||||
| Koleksioni i përgjithshem | UBT - Lipjan | UBT - Lipjan | Koleksioni i përgjithshem | 11/03/2017 | 339.138 LAM | 002-2936774 | 11/03/2017 | 11/03/2017 | Books | ||||||
| Koleksioni i përgjithshem | UBT - Lipjan | UBT - Lipjan | Koleksioni i përgjithshem | 11/03/2017 | 339.138 LAM | 002-2936969 | 11/03/2017 | 11/03/2017 | Books | ||||||
| Koleksioni i përgjithshem | UBT - Lipjan | UBT - Lipjan | Koleksioni i përgjithshem | 11/03/2017 | 339.138 LAM | 002-2936964 | 11/03/2017 | 11/03/2017 | Books | ||||||
| Koleksioni i përgjithshem | UBT - Lipjan | UBT - Lipjan | Koleksioni i përgjithshem | 11/03/2017 | 339.138 LAM | 002-2936959 | 11/03/2017 | 11/03/2017 | Books | ||||||
| Koleksioni i përgjithshem | UBT - Lipjan | UBT - Lipjan | Koleksioni i përgjithshem | 11/03/2017 | 339.138 LAM | 002-2936954 | 11/03/2017 | 11/03/2017 | Books | ||||||
| Koleksioni i përgjithshem | UBT - Lipjan | UBT - Lipjan | Koleksioni i përgjithshem | 11/03/2017 | 339.138 LAM | 002-2936949 | 11/03/2017 | 11/03/2017 | Books |